Statistics for RuPaul's Drag Race: All Stars Queens

Click here to take the quiz!

General Stats

  • This quiz has been taken 539 times
    (178 since last reset)
  • The average score is 45 of 63

Answer Stats

All-Stars Contestants% Correct
Alaska
93%
Katya
93%
Trinity The Tuck
93%
Detox
92%
Trixie Mattel
92%
Manila Luzon
91%
Monét X Change
91%
Ginger Minj
89%
Raja
89%
Chad Michaels
87%
Latrice Royale
87%
Shea Couleé
86%
Alyssa Edwards
85%
BenDeLaCreme
85%
Jujubee
85%
Coco Montrese
84%
Alexis Mateo
82%
Roxxxy Andrews
82%
Raven
80%
Shangela
80%
Eureka!
79%
Jinkx Monsoon
79%
Kennedy Davenport
79%
Pandora Boxx
79%
The Vivienne
79%
Yvie Oddly
79%
Kylie Sonique Love
78%
Yara Sofia
74%
Tatianna
72%
Adore Delano
70%
Jaida Essence Hall
70%
BeBe Zahara Benet
69%
Mimi Imfurst
69%
Monique Heart
69%
Naomi Smalls
69%
Phi Phi O'Hara
69%
Aja
68%
Miz Cracker
68%
Milk
67%
Shannel
67%
Tammie Brown
66%
Gia Gunn
65%
Derrick Barry
64%
Farrah Moan
64%
Jan
64%
Valentina
64%
Chi Chi DeVayne
63%
Silky Nutmeg Ganache
63%
Thorgy Thor
63%
Morgan McMichaels
62%
Ra'Jah O'Hara
62%
India Ferrah
61%
Jasmine Masters
60%
Nina Flowers
60%
Blair St. Clair
59%
Trinity K. Bonet
57%
Ongina
55%
Serena ChaCha
55%
A'keria C. Davenport
53%
Scarlet Envy
50%
Jiggly Caliente
49%
Mariah Balenciaga
46%
Mayhem Miller
45%

Score Distribution

Percentile by Number Answered

Percent of People with Each Score

Your Score History

You have not taken this quiz since the last reset